Größte Fußballvereine in Rheinland-Pfalz (aktuell) - Statistiken

Allgemein
  • Dieses Quiz wurde 203 mal gespielt
    89 seit der letzten Aktualisierung
  • Das Durchschnittsergebnis liegt bei 11 aus 18
Antwortstatistiken
Liga Verein % Korrekt
1.Liga 1.FSV Mainz 05
97%
4.Liga 1.FSV Mainz 05 II
97%
2.Liga 1.FC Kaiserslautern
96%
5.Liga 1.FC Kaiserslautern II
96%
4.Liga Eintracht Trier
91%
5.Liga FC Rot Weiß Koblenz
89%
5.Liga TuS Koblenz
89%
5.Liga Wormatia Worms
73%
4.Liga TSV Schott Mainz
66%
5.Liga FK Pirmasens
63%
5.Liga Arminia Ludwigshafen
53%
5.Liga SV Gonsenheim
39%
5.Liga FC Karbach
30%
5.Liga FV Engers 07
24%
5.Liga FV Dudenhofen
21%
5.Liga TuS Mechtersheim
20%
5.Liga Eisbachtaler Sportfreunde
13%
5.Liga TSG Pfeddersheim
11%
Keine übereinstimmenden Quizze gefunden
Verteilung der Resultate
Anzahl Personen mit jedem Resultat
Perzentil nach korrekt beantworteten Fragen
Ihre Resultats-Entwicklung
Sie haben dieses Quiz seit der letzten Aktualisierung nicht gespielt